Vykazovanie dlhodobého hmotného majetku podľa národnej a nadnárodnej úpravy účtovníctva bakalárska práca

Gespeichert in:
Bibliographische Detailangaben
1. Verfasser: Čechvalová, Mária
Körperschaft: Fakulta hospodárskej informatiky EU. Katedra účtovníctva a audítorstva
Weitere Verfasser: Turská, Eva
Format: Buch
Sprache:Slowakisch
Veröffentlicht: Bratislava 2012
Tags: Tag hinzufügen
Keine Tags, Fügen Sie das erste Tag hinzu!

MARC

LEADER 00000nbm a2200000 4500
001 0156382
005 20161109111957.3
041 0 |a slo 
044 |a SK 
245 1 0 |a Vykazovanie dlhodobého hmotného majetku podľa národnej a nadnárodnej úpravy účtovníctva  |b bakalárska práca  |c Mária Čechvalová ; školiteľ: Eva Turská 
264 1 |a Bratislava  |c 2012 
300 |a 40 s. 
100 1 |a Čechvalová, Mária 
700 1 |a Turská, Eva 
710 2 |a Fakulta hospodárskej informatiky EU. Katedra účtovníctva a audítorstva